00000000nam##2200000za#4500
0019.619647
003CaOODSP
00520210615103619
007ta
008150406|2009||||xxc|||||     f|0| 0 eng|d
022 |a0706-6473
040 |aCaOODSP|beng
043 |an-cn---
0861 |aFs97-4/2901E
1101 |aCanada. |bDepartment of Fisheries and Oceans.
24510|aHecate Strait groundfish bottom trawl survey, May 26th to June 21st, 2009 / |cby N. Olsen ...[et al.].
260 |aNanaimo - British Columbia : |bFisheries and Oceans Canada |c2009.
300 |avi, 49p. : |bfigs., maps, references, tables, photographs ; |c28 cm.
4901 |aCanadian manuscript report of fisheries and aquatic sciences|x0706-6473|v2901
500 |a"Fisheries and Oceans Canada, Science Branch, Pacific Region, Pacific Biological Station, Nanaimo, BC V9T 6N7". Incorrect catalogue number (97-4/2901E) printed in this publication.
5203 |aThe objective of these surveys is to provide fishery independent abundance indices of all demersal fish species available to bottom trawling, as well as to collect biological samples of selected species.
546 |a(Résumé en français.)
563 |aSoftcover
590 |a10-07|b2010-02-19
7201 |aOlsen, N.
7760#|tHecate Strait groundfish bottom trawl survey, May 26th to June 21st, 2009 / |w(CaOODSP)9.580211
830#0|aCanadian manuscript report of fisheries and aquatic sciences,|x0706-6473|v2901|w(CaOODSP)9.514688